书目信息 |
| 题名: |
醌类化学
|
|
| 作者: | 陆阳 主编 | |
| 分册: | ||
| 出版信息: | 北京 化学工业出版社 2009 |
|
| 页数: | 252页 | |
| 开本: | 26cm | |
| 丛书名: | 天然产物化学丛书 | |
| 单 册: | ||
| 中图分类: | O625.46 | |
| 科图分类: | ||
| 主题词: | 醌--有机化合物 , 醌 , 有机化合物 | |
| 电子资源: | ||
| ISBN: | 978-7-122-04505-8 | |
| 000 | 01009oam2 2200289 45 | |
| 001 | 1050927312 | |
| 005 | 20100420102843.60 | |
| 010 | @a978-7-122-04505-8@dCNY50.00 | |
| 100 | @a20100409d2009 em y0chiy0110 ea | |
| 101 | 0 | @achi@aeng |
| 102 | @aCN@b110000 | |
| 105 | @ay z 001yy | |
| 106 | @ar | |
| 200 | 1 | @a醌类化学@AKun Lei Hua Xue@f陆阳主编@FLu Yang Zhu Bian |
| 210 | @a北京@c化学工业出版社@d2009 | |
| 215 | @a252页@d26cm | |
| 225 | 2 | @a天然产物化学丛书 |
| 320 | @a有索引(245-252页) | |
| 330 | @a本书阐述了醌类化合物的主要研究内容及其研究概况。内容包括:醌类化合物的结构类型;生源关系及其分布;基本理化性质和提取分离,并列举了大量的醌类化合物提取分离的实例;通过典型合成实例介绍各类醌类化合物的合成;最后介绍了各类醌类化合物的生物活性及其应用。 | |
| 461 | 0 | @12001 @a天然产物化学丛书 |
| 606 | 0 | @a醌@x有机化合物 |
| 606 | 0 | @a醌 |
| 606 | 0 | @a有机化合物 |
| 690 | @aO625.46@v4 | |
| 701 | 0 | @a陆阳@ALu Yang@4主编 |
| 801 | 0 | @aCN@bTANGWEI@c20100420 |
| 905 | @b0591822-26@dO625.46@e6@f5 | |
| 醌类化学/陆阳主编.-北京:化学工业出版社,2009 |
| 252页;26cm.-(天然产物化学丛书) |
| ISBN 978-7-122-04505-8:CNY50.00 |
| 本书阐述了醌类化合物的主要研究内容及其研究概况。内容包括:醌类化合物的结构类型;生源关系及其分布;基本理化性质和提取分离,并列举了大量的醌类化合物提取分离的实例;通过典型合成实例介绍各类醌类化合物的合成;最后介绍了各类醌类化合物的生物活性及其应用。 |
| ● |
| 相关链接 |
|
|
|
|
正题名:醌类化学
索取号:O625.46/6
 
预约/预借
| 序号 | 登录号 | 条形码 | 馆藏地/架位号 | 状态 | 备注 |
| 1 | 0591822 | 205918220 | 第二样本阅览室/ [索取号:O625.46/6] | 在馆 | |
| 2 | 0591823 | 205918239 | 密集书库-生命科学系/ [索取号:O625.46/6] | 在馆 | |
| 3 | 0591824 | 205918248 | 化学系资料室/ [索取号:O625.46/6] | 在馆 | |
| 4 | 0591825 | 205918257 | 第三借阅区/ [索取号:O625.46/6] | 在馆 | |
| 5 | 0591826 | 205918266 | 第三借阅区/ [索取号:O625.46/6] | 在馆 |